Лінгвістичні особливості функціонування заголовків в американських публіцистичних текстах (Запис № 285159)

МАРК-запис
000 -LEADER
fixed length control field 02636nam a22001577a 4500
041 ## - LANGUAGE CODE
Language code of text/sound track or separate title ukr
080 ## - UNIVERSAL DECIMAL CLASSIFICATION NUMBER
Universal Decimal Classification number 09
090 ## - LOCALLY ASSIGNED LC-TYPE CALL NUMBER (OCLC); LOCAL CALL NUMBER (OCLC)
Local cutter number (OCLC) ; Book number/undivided call number, CALL (RLIN) ЛОГ
100 ## - MAIN ENTRY--PERSONAL NAME
Personal name Логвина Марина Степанівна
245 ## - TITLE STATEMENT
Title Лінгвістичні особливості функціонування заголовків в американських публіцистичних текстах
260 ## - PUBLICATION, DISTRIBUTION, ETC. (IMPRINT)
Place of publication, distribution, etc Острог
Name of publisher, distributor, etc КАФ
Date of publication, distribution, etc 2013
300 ## - PHYSICAL DESCRIPTION
Extent 94
520 ## - SUMMARY, ETC.
Summary, etc Розділ 1. Особливості публіцистичних текстів англомовної преси та їхніх заголовків.<br/>1.1. Особливості публіцистичного стилю.<br/>1.1.1. Публіцистичний стиль та його функціональна спрямованість.<br/>1.1.2. Комунікативна мета публіцистичного стилю англомовних ЗМІ.<br/>1.1.3. Лінгвістичні засоби підсилення виразності мови у публіцистичному дискурсі.<br/>1.2. Заголовок, як важливий елемент публіцистичної статті.<br/>1.2.1. Комунікативно-функціональні особливості газетних заголовків.<br/>1.2.2. Структура та семантичні особливості заголовків англомовних газетних повідомлень.<br/>1.2.3. Фразеологізми у заголовках англомовних ЗМІ та лексичні трансформації при їх перекладі.<br/>Розділ 2. Лінгвістичний аналіз заголовків.<br/>2.1. Лексичні особливості заголовків публіцистичних текстів.<br/>2.2. Стилістичні особливості заголовків публіцистичних текстів.<br/>2.3. Синтаксичні особливості заголовків публіцистичних текстів.<br/>2.4. Граматичні особливості заголовків публіцистичних текстів.<br/>Розділ 3. Охорона праці та безпека в надзвичайних ситуаціях.<br/>3.1. Законодавча та нормативна база охорони праці в Україні.<br/>3.2. Аналіз умов праці у галузі освіти.<br/>3.3. Заходи, щодо оптимізації умов праці.
-- Публіцистика, фразеологізми, стилістика
650 ## - SUBJECT ADDED ENTRY--TOPICAL TERM
Topical term or geographic name as entry element Research Papers
942 ## - ADDED ENTRY ELEMENTS (KOHA)
Koha item type Книги
Фонди
Withdrawn status Lost status Source of classification or shelving scheme Damaged status Not for loan Home library Current library Date acquired Source of acquisition Cost, normal purchase price Total Checkouts Full call number Barcode Date last seen Price effective from Koha item type
    Universal Decimal Classification     ВІЛ - Відділ іноземн. літератури НБ ВІЛ - Відділ іноземн. літератури НБ 12/06/2013 Акт №7 1.00   09 215314 09/11/2021 12/06/2013 Книги